<?xml version="1.0" encoding="UTF-8"?>
<record
    xmlns:xsi="http://www.w3.org/2001/XMLSchema-instance"
    xsi:schemaLocation="http://www.loc.gov/MARC21/slim http://www.loc.gov/standards/marcxml/schema/MARC21slim.xsd"
    xmlns="http://www.loc.gov/MARC21/slim">

  <leader>01175nam a2200253 i 4500</leader>
  <controlfield tag="001">54597</controlfield>
  <controlfield tag="003">ES-MaACL</controlfield>
  <controlfield tag="005">20250719062533.0</controlfield>
  <controlfield tag="007">t|</controlfield>
  <controlfield tag="008">960723s1893    cu           |||| | spa d</controlfield>
  <datafield tag="080" ind1=" " ind2=" ">
    <subfield code="a">343.254</subfield>
  </datafield>
  <datafield tag="100" ind1="1" ind2=" ">
    <subfield code="a">Cuervo, Manuel Froil&#xE1;n.</subfield>
    <subfield code="9">52717</subfield>
  </datafield>
  <datafield tag="245" ind1="1" ind2="3">
    <subfield code="a">La ley de Lynch / </subfield>
    <subfield code="c">considerada por Manuel Froil&#xE1;n Cuervo.</subfield>
  </datafield>
  <datafield tag="260" ind1=" " ind2=" ">
    <subfield code="a">Habana : </subfield>
    <subfield code="b">[s.n.], </subfield>
    <subfield code="c">1893 (</subfield>
    <subfield code="f">Tip. de La Lucha)</subfield>
  </datafield>
  <datafield tag="300" ind1=" " ind2=" ">
    <subfield code="a">76 p. ; </subfield>
    <subfield code="c">18 cm.</subfield>
  </datafield>
  <datafield tag="530" ind1=" " ind2=" ">
    <subfield code="a">Disponible en formato digital.</subfield>
  </datafield>
  <datafield tag="533" ind1=" " ind2=" ">
    <subfield code="a">Copia digital:</subfield>
    <subfield code="c">Biblioteca Digital Hisp&#xE1;nica (Biblioteca Nacional Espa&#xF1;ola)</subfield>
  </datafield>
  <datafield tag="650" ind1=" " ind2="4">
    <subfield code="a">Linchamiento.</subfield>
    <subfield code="9">143340</subfield>
  </datafield>
  <datafield tag="852" ind1=" " ind2=" ">
    <subfield code="b">R.FOLL.11/1</subfield>
    <subfield code="a">ES-MaACL</subfield>
    <subfield code="d">Olim: 193-C-18</subfield>
    <subfield code="j">D-262(1) </subfield>
    <subfield code="x">Encuadernado con otras obras formando un volumen facticio.</subfield>
    <subfield code="f">Sello en tinta en portada: "Donativo del Sr. Lastres al Ateneo de Madrid. 1907"</subfield>
    <subfield code="f">Sello en tinta en portada: "B.E.P. Madrid. Biblioteca"</subfield>
    <subfield code="g">Anotaci&#xF3;n manuscrita en cubierta: "Flletos penitenciarios. Tomo 18"</subfield>
    <subfield code="h">Donaci&#xF3;n: Francisco Lastres y Juiz</subfield>
    <subfield code="c">SVI</subfield>
  </datafield>
  <datafield tag="903" ind1=" " ind2=" ">
    <subfield code="a">Lastres y Juiz, Francisco,</subfield>
    <subfield code="d">1848-1918</subfield>
    <subfield code="e">dnr</subfield>
    <subfield code="q">1</subfield>
    <subfield code="9">70504</subfield>
  </datafield>
  <datafield tag="942" ind1=" " ind2=" ">
    <subfield code="2">udc</subfield>
    <subfield code="c">FOLLETOS</subfield>
  </datafield>
  <datafield tag="999" ind1=" " ind2=" ">
    <subfield code="c">54597</subfield>
    <subfield code="d">54597</subfield>
  </datafield>
  <datafield tag="952" ind1=" " ind2=" ">
    <subfield code="0">0</subfield>
    <subfield code="1">0</subfield>
    <subfield code="2">udc</subfield>
    <subfield code="4">0</subfield>
    <subfield code="7">0</subfield>
    <subfield code="8">LIBXIX</subfield>
    <subfield code="a">ATENEOM</subfield>
    <subfield code="b">ATENEOM</subfield>
    <subfield code="c">SVI</subfield>
    <subfield code="d">2008-01-17</subfield>
    <subfield code="e">DONACION</subfield>
    <subfield code="l">0</subfield>
    <subfield code="o">D-262(1)</subfield>
    <subfield code="p">901057369</subfield>
    <subfield code="r">2023-02-23 00:00:00</subfield>
    <subfield code="w">2023-02-23</subfield>
    <subfield code="y">MONANT</subfield>
  </datafield>
</record>
